| 000 | 00508nam a2200181Ia 4500 | ||
|---|---|---|---|
| 003 | GCL | ||
| 008 | 140319s9999 xx 000 0 eng d | ||
| 040 |
_aGCL / _cGCL |
||
| 082 | 0 | 4 |
_aCC _b276.201 _bGE |
| 100 | 1 | _aGRIFFILHS,WILLIAM E | |
| 245 | 1 | 0 |
_aEARLY EGYPTIAN CHRISTIANITY: FROM 17S ORIGINS TO 451 C.E / _cGRIFFILHS,WILLIAM E |
| 260 |
_a[S.N] : _bE. J. BRILL ، _c1993 |
||
| 300 | _a276.P | ||
| 650 | 0 | 4 | _aPRINCIPLES AND PARAMETERS |
| 650 | 0 | 4 | _aCHURCH HISTORY |
| 650 | 0 | 4 | _aEGYPT |
| 942 |
_2ddc _cBK |
||
| 999 |
_c11601 _d11601 |
||